[Event "HUN-chT2 Asztalos 1819"]
[Site "Hungary"]
[Date "2018.12.02"]
[Round "3.3"]
[White "Arato, Bela"]
[Black "Deak, Ferenc"]
[Result "0-1"]
[WhiteElo "2106"]
[BlackElo "2252"]
[PlyCount "66"]
[EventDate "2018.10.28"]
[EventType "team-tourn"]
[EventRounds "9"]
[EventCountry "HUN"]
[SourceTitle "CBM 189 Extra"]
[Source "ChessBase"]
[SourceDate "2019.06.03"]
[SourceVersion "1"]
[SourceVersionDate "2019.06.03"]
[SourceQuality "1"]
[WhiteTeam "Baja Spartacus"]
[BlackTeam "Nagyatad"]
[WhiteTeamCountry "HUN"]
[BlackTeamCountry "HUN"]

1. e4 e6 2. d4 d5 3. Nc3 Nf6 4. Bg5 Be7 5. e5 Nfd7 6. Bxe7 Qxe7 7. f4 a6 8. Nf3 c5 9. Bd3 Nc6 10. Qd2 b5 11. dxc5 Nxc5 12. 0-0-0 b4 13. Ne2 a5 14. Ned4 Nxd4 15. Nxd4 0-0 16. f5 b3 17. Nxb3 Nxb3+ 18. cxb3 a4 19. bxa4 Rxa4 20. f6 gxf6 21. Qh6 f5 22. Kb1 Rg4 23. h4 Qa7 24. Rhg1 Ba6 25. Bc2 Be2 26. Rde1 Ra8 27. a3 Rb4 28. Qg5+ Kf8 29. a4 Qd4 30. Qh6+ Ke8 31. Qc1 Rab8 32. b3 Rxb3+ 33. Bxb3 Rxb3+ 0-1

[Event "HUN-chT2 Erkel 1415"]
[Site "Hungary"]
[Date "2014.12.14"]
[Round "6.1"]
[White "Deak, Ferenc"]
[Black "Vajda, Levente"]
[Result "0-1"]
[WhiteElo "2227"]
[BlackElo "2563"]
[PlyCount "90"]
[EventDate "2014.09.28"]
[EventType "team-tourn"]
[EventRounds "9"]
[EventCountry "HUN"]
[SourceTitle "EXT 2016"]
[Source "ChessBase"]
[SourceDate "2015.10.08"]
[SourceVersion "1"]
[SourceVersionDate "2015.10.08"]
[SourceQuality "1"]
[WhiteTeam "Fot"]
[BlackTeam "Paszto"]
[WhiteTeamCountry "HUN"]
[BlackTeamCountry "HUN"]

1. d4 Nf6 2. c4 c5 3. d5 e5 4. Nc3 d6 5. e4 a6 6. f4 exf4 7. Bxf4 Nbd7 8. Nf3 Be7 9. Bd3 0-0 10. 0-0 Ng4 11. Qe1 Nge5 12. Nxe5 Nxe5 13. Bxe5 dxe5 14. Qg3 Qd6 15. Nd1 Qg6 16. Qxg6 hxg6 17. Ne3 a5 18. Rf3 Ra6 19. Raf1 Rb6 20. R1f2 Bg5 21. h3 Bd7 22. Kh2 a4 23. Nd1 f6 24. g3 Rb4 25. Bf1 f5 26. a3 Rb3 27. Rxb3 axb3 28. h4 Bc1 29. Bh3 b5 30. Rf3 bxc4 31. Rc3 Bd2 32. Rxc4 Rc8 33. exf5 gxf5 34. Nc3 Be3 35. Kg2 Bd4 36. Kf3 g6 37. Ke2 Kf7 38. Kd2 Ke7 39. Bf1 Kd6 40. a4 Ra8 41. Be2 Bxc3+ 42. Rxc3 Bxa4 43. Bc4 Rb8 44. Ke3 Rb4 45. g4 Bb5 0-1

[Event "HUN-chT2 Erkel 1213"]
[Site "Hungary"]
[Date "2013.04.07"]
[Round "10.1"]
[White "Horvath, Gabor"]
[Black "Deak, Ferenc"]
[Result "0-1"]
[WhiteElo "2256"]
[BlackElo "2261"]
[PlyCount "96"]
[EventDate "2012.09.16"]
[EventType "team-tourn"]
[EventRounds "11"]
[EventCountry "HUN"]
[SourceTitle "EXT 2014"]
[Source "ChessBase"]
[SourceDate "2013.11.20"]
[SourceVersion "1"]
[SourceVersionDate "2013.11.20"]
[SourceQuality "1"]
[WhiteTeam "Barcza"]
[BlackTeam "Pestszentlorinc"]
[WhiteTeamCountry "HUN"]
[BlackTeamCountry "HUN"]

1. e4 e6 2. d3 d5 3. Nd2 c5 4. Ngf3 Bd6 5. g3 Nc6 6. Bg2 Nge7 7. 0-0 0-0 8. Re1 Qc7 9. c3 Bd7 10. a3 b5 11. d4 Qb6 12. e5 Bc7 13. Nb3 cxd4 14. cxd4 Rfc8 15. Qd3 a5 16. Ng5 Ng6 17. h4 Nf8 18. Be3 Bd8 19. Rac1 Be7 20. Nf3 a4 21. Nc5 b4 22. Bg5 Bxc5 23. dxc5 Qb8 24. h5 h6 25. Bf4 Na5 26. Nd4 Nc4 27. Rxc4 dxc4 28. Qxc4 bxa3 29. Bxa8 Qxa8 30. bxa3 Bc6 31. Nxc6 Qxc6 32. Rc1 Nd7 33. Qd4 Qb5 34. Be3 Nb8 35. Qd6 Nc6 36. Qd7 Rd8 37. Qc7 Rb8 38. Kh2 Rb7 39. Qc8+ Kh7 40. Qe8 Re7 41. Qa8 Rd7 42. Qc8 Nxe5 43. c6 Ng4+ 44. Kg1 Rd3 45. c7 Rxe3 46. Qa8 Qb2 47. Rf1 Rxg3+ 48. Kh1 Nxf2+ 0-1

[Event "HUN-chT2 Erkel 1213"]
[Site "Hungary"]
[Date "2012.10.07"]
[Round "2.1"]
[White "Deak, Ferenc"]
[Black "Nogrady, Vilmos"]
[Result "0-1"]
[WhiteElo "2261"]
[BlackElo "2188"]
[PlyCount "42"]
[EventDate "2012.09.16"]
[EventType "team-tourn"]
[EventRounds "11"]
[EventCountry "HUN"]
[SourceTitle "EXT 2014"]
[Source "ChessBase"]
[SourceDate "2013.11.20"]
[SourceVersion "1"]
[SourceVersionDate "2013.11.20"]
[SourceQuality "1"]
[WhiteTeam "Pestszentlorinc"]
[BlackTeam "Foti"]
[WhiteTeamCountry "HUN"]
[BlackTeamCountry "HUN"]

1. d4 Nf6 2. c4 g6 3. Nc3 d5 4. Bf4 Bg7 5. e3 0-0 6. Rc1 c5 7. dxc5 Qa5 8. cxd5 Rd8 9. d6 Ne4 10. Nge2 g5 11. Bg3 Nxg3 12. Nxg3 Qxc5 13. Bd3 Qxd6 14. Ke2 Nc6 15. Nge4 Qh6 16. Qb3 Ne5 17. Bc4 Nxc4 18. Qxc4 Be6 19. Qc5 Rac8 20. Qxg5 Bc4+ 21. Kf3 f5 0-1

[Event "HUN-chT2 Erkel 1112"]
[Site "Hungary"]
[Date "2012.01.29"]
[Round "5.1"]
[White "Szalanczy, Emil"]
[Black "Deak, Ferenc"]
[Result "1-0"]
[WhiteElo "2347"]
[BlackElo "2285"]
[PlyCount "80"]
[EventDate "2011.09.25"]
[EventType "team-tourn"]
[EventRounds "11"]
[EventCountry "HUN"]
[SourceTitle "EXT 2013"]
[Source "ChessBase"]
[SourceDate "2012.11.22"]
[SourceVersion "1"]
[SourceVersionDate "2012.11.22"]
[SourceQuality "1"]
[WhiteTeam "Szigetszentmiklos"]
[BlackTeam "Pestszentlorinc"]
[WhiteTeamCountry "HUN"]
[BlackTeamCountry "HUN"]

1. e4 e6 2. d4 d5 3. Nc3 Nf6 4. e5 Nfd7 5. f4 c5 6. Nf3 Nc6 7. Be3 a6 8. Be2 b5 9. 0-0 Bb7 10. Bf2 Be7 11. Qd2 Qc7 12. Bd1 cxd4 13. Nxd4 Nc5 14. a3 0-0 15. Bf3 Rfd8 16. Nxc6 Bxc6 17. Bd4 a5 18. Qe3 b4 19. axb4 axb4 20. Rxa8 Bxa8 21. Nb5 Qc6 22. Nd6 Nb7 23. f5 Nxd6 24. exd6 Qxd6 25. fxe6 Qxe6 26. Qxe6 fxe6 27. Bg4 e5 28. Bxe5 Bc5+ 29. Kh1 Re8 30. Bg3 d4 31. h3 Be4 32. Re1 b3 33. cxb3 d3 34. Rd1 Kf7 35. Bf4 Bd4 36. b4 Bxb2 37. b5 Be5 38. Rf1 Kg6 39. Bd2 Bg3 40. Bf3 Bf5 1-0

[Event "Zalakaros op 29th"]
[Site "Zalakaros"]
[Date "2010.05.29"]
[Round "4"]
[White "Tompa, Janos"]
[Black "Deak, Ferenc"]
[Result "0-1"]
[WhiteElo "2387"]
[BlackElo "2259"]
[PlyCount "48"]
[EventDate "2010.05.26"]
[EventType "swiss"]
[EventRounds "9"]
[EventCountry "HUN"]
[SourceTitle "CBM 136 Extra"]
[Source "ChessBase"]
[SourceDate "2010.07.02"]
[SourceVersion "2"]
[SourceVersionDate "2010.07.15"]
[SourceQuality "1"]

1. e4 e6 2. d4 d5 3. Nd2 c5 4. exd5 Qxd5 5. Ngf3 cxd4 6. Bc4 Qd6 7. 0-0 Nf6 8. Nb3 Nc6 9. Nbxd4 Nxd4 10. Nxd4 a6 11. Bg5 Qc5 12. Bxf6 Qxc4 13. Bh4 Bc5 14. c3 0-0 15. Qh5 f6 16. b3 Qxc3 17. Rac1 Qxd4 18. Rfd1 Qb4 19. Rxc5 g6 20. a3 Qb6 21. Bxf6 gxh5 22. Rg5+ Kf7 23. Bd4 Qxb3 24. Rg7+ Ke8 0-1

[Event "Zalakaros op 29th"]
[Site "Zalakaros"]
[Date "2010.05.26"]
[Round "1"]
[White "Varadi, Benedek"]
[Black "Deak, Ferenc"]
[Result "0-1"]
[WhiteElo "1846"]
[BlackElo "2259"]
[PlyCount "76"]
[EventDate "2010.05.26"]
[EventType "swiss"]
[EventRounds "9"]
[EventCountry "HUN"]
[SourceTitle "CBM 136 Extra"]
[Source "ChessBase"]
[SourceDate "2010.07.02"]
[SourceVersion "2"]
[SourceVersionDate "2010.07.15"]
[SourceQuality "1"]

1. d4 Nf6 2. c4 c5 3. d5 b5 4. cxb5 a6 5. bxa6 g6 6. Nc3 Bxa6 7. e4 Bxf1 8. Kxf1 d6 9. Nf3 Nbd7 10. h3 Bg7 11. Kg1 0-0 12. Kh2 Qa5 13. Qc2 Nb6 14. Re1 Rfb8 15. Nd2 Nfd7 16. Nb3 Qa6 17. f4 Na4 18. Re3 Ndb6 19. Nxa4 Qxa4 20. Qe2 Nc4 21. Rf3 Rb4 22. Nd2 Nxd2 23. Qxd2 Rd4 24. Rd3 Rxe4 25. Ra3 Qxa3 26. bxa3 Bxa1 27. Qc2 f5 28. g4 Bf6 29. gxf5 gxf5 30. Qb3 Kf7 31. Qb7 Rg8 32. Qd7 Re2+ 33. Kh1 Re1+ 34. Kh2 Rxc1 35. Qe6+ Kg7 36. Qxf5 Kh8 37. a4 Rc4 38. a5 Ra4 0-1

[Event "HUN-chT2 Charousek 0910"]
[Site "Hungary"]
[Date "2010.03.21"]
[Round "8"]
[White "Deak, Ferenc"]
[Black "Nemeth, Denes"]
[Result "0-1"]
[WhiteElo "2259"]
[BlackElo "2109"]
[PlyCount "118"]
[EventDate "2009.11.08"]
[EventType "team-tourn"]
[EventRounds "11"]
[EventCountry "HUN"]
[SourceTitle "EXT 2011"]
[Source "ChessBase"]
[SourceDate "2010.11.26"]
[SourceVersion "1"]
[SourceVersionDate "2010.11.26"]
[SourceQuality "1"]
[WhiteTeam "Tatai Honved"]
[BlackTeam "Haladas II"]
[WhiteTeamCountry "HUN"]
[BlackTeamCountry "HUN"]

1. d4 Nf6 2. c4 e6 3. Nc3 Bb4 4. Bg5 0-0 5. e3 c5 6. d5 exd5 7. cxd5 h6 8. h4 d6 9. Bd3 Nbd7 10. Nf3 Qa5 11. Qb3 b5 12. Bf5 c4 13. Qd1 Bxc3+ 14. bxc3 Qxc3+ 15. Kf1 Nc5 16. Rc1 Qa3 17. Bxc8 Raxc8 18. Bxf6 gxf6 19. Ne1 Rfe8 20. Rh3 Nd3 21. Rc2 Nxe1 22. Kxe1 Qd3 23. Rd2 Qf5 24. Rf3 Qe5 25. Rd4 c3 26. Rg4+ Kf8 27. Qc2 Qxd5 28. Rxf6 Rc4 29. Rxc4 bxc4 30. Qxc3 Rb8 31. f3 Rb1+ 32. Kf2 Rd1 33. Rxh6 Qd2+ 34. Qxd2 Rxd2+ 35. Ke1 c3 36. g4 Ke7 37. a4 Rd5 38. Rh5 c2 39. Rxd5 c1Q+ 40. Kf2 Qc2+ 41. Kg3 Qxa4 42. h5 Qb3 43. e4 f6 44. h6 Kf7 45. Kf4 Qa3 46. Rh5 Kg8 47. Rb5 Kh7 48. g5 Qc1+ 49. Kg4 fxg5 50. Rxg5 Kxh6 51. f4 Qc4 52. Kf5 Qf7+ 53. Kg4 Qe7 54. Rh5+ Kg6 55. f5+ Kf6 56. Rh6+ Ke5 57. Kf3 Qf7 58. Rh1 Qb3+ 59. Kg4 Kxe4 0-1

[Event "HUN-chT2 Charousek 0910"]
[Site "Hungary"]
[Date "2010.03.20"]
[Round "6"]
[White "Deak, Ferenc"]
[Black "Gadacsi, Miklos Jr"]
[Result "1-0"]
[WhiteElo "2259"]
[BlackElo "2145"]
[PlyCount "105"]
[EventDate "2009.11.08"]
[EventType "team-tourn"]
[EventRounds "11"]
[EventCountry "HUN"]
[SourceTitle "EXT 2011"]
[Source "ChessBase"]
[SourceDate "2010.11.26"]
[SourceVersion "1"]
[SourceVersionDate "2010.11.26"]
[SourceQuality "1"]
[WhiteTeam "Tatai Honved"]
[BlackTeam "Tapolca"]
[WhiteTeamCountry "HUN"]
[BlackTeamCountry "HUN"]

1. d4 Nf6 2. c4 g6 3. Nc3 Bg7 4. e4 d6 5. Be2 0-0 6. Nf3 e5 7. 0-0 Nc6 8. d5 Ne7 9. b4 Ne8 10. c5 h6 11. Nd2 f5 12. Nc4 Nf6 13. f3 f4 14. Nb5 Ne8 15. a4 g5 16. Bb2 Ng6 17. Rc1 Rf7 18. cxd6 cxd6 19. a5 h5 20. Qe1 g4 21. Qf2 Qg5 22. fxg4 hxg4 23. Ncxd6 Nxd6 24. Nxd6 Rf8 25. Rxc8 Raxc8 26. Nxc8 Rxc8 27. Rc1 Rf8 28. Rc7 f3 29. Bc4 fxg2 30. d6+ Kh7 31. Qxa7 Qf4 32. Kxg2 Nh4+ 33. Kg1 Nf3+ 34. Kf1 Nxh2+ 35. Ke2 Qxe4+ 36. Kd1 Nf1 37. Bc1 g3 38. Rxb7 Qf3+ 39. Ke1 Qc3+ 40. Kd1 Qf3+ 41. Kc2 Qf2+ 42. Qxf2 Rxf2+ 43. Kb3 Nd2+ 44. Bxd2 Rxd2 45. Bf1 Rxd6 46. b5 e4 47. a6 e3 48. Re7 e2 49. Rxe2 g2 50. Bxg2 Rb6 51. a7 Rxb5+ 52. Ka4 Rb1 53. Be4+ 1-0

[Event "HUN-chT2 Charousek 0910"]
[Site "Hungary"]
[Date "2009.11.22"]
[Round "2"]
[White "Deak, Ferenc"]
[Black "Sinkovics, Peter"]
[Result "1-0"]
[WhiteElo "2259"]
[BlackElo "2330"]
[PlyCount "121"]
[EventDate "2009.11.08"]
[EventType "team-tourn"]
[EventRounds "11"]
[EventCountry "HUN"]
[SourceTitle "EXT 2011"]
[Source "ChessBase"]
[SourceDate "2010.11.26"]
[SourceVersion "1"]
[SourceVersionDate "2010.11.26"]
[SourceQuality "1"]
[WhiteTeam "Tatai Honved"]
[BlackTeam "Taban Spartacus"]
[WhiteTeamCountry "HUN"]
[BlackTeamCountry "HUN"]

1. d4 Nf6 2. c4 e6 3. Nc3 Bb4 4. Bg5 h6 5. Bh4 c5 6. d5 b5 7. dxe6 fxe6 8. cxb5 d5 9. a3 Ba5 10. e3 0-0 11. Nf3 Bb7 12. Be2 e5 13. b4 cxb4 14. axb4 Bxb4 15. Qb3 Qd6 16. 0-0 Bxc3 17. Qxc3 Nbd7 18. Bg3 Ne4 19. Qb2 Nxg3 20. hxg3 Rfd8 21. Rfd1 Kh8 22. Ra2 Qb6 23. Rda1 e4 24. Nh4 Kh7 25. Bh5 Rf8 26. Bg6+ Kg8 27. Bf5 Nc5 28. g4 a6 29. Ng6 Rfe8 30. Qd4 Qd6 31. Rb1 axb5 32. Rxa8 Rxa8 33. Rxb5 Ra4 34. Qe5 Qxe5 35. Nxe5 Ra1+ 36. Kh2 Rc1 37. Kg3 g5 38. Nd7 Nxd7 39. Bxd7 Rc7 40. Be6+ Kg7 41. Rb6 Bc6 42. f4 exf3 43. gxf3 Ba8 44. Ra6 Bc6 45. f4 Bb5 46. Rd6 Rc3 47. Kf3 Bc6 48. Bxd5 Bxd5+ 49. Rxd5 gxf4 50. Kxf4 Rc1 51. Rf5 Rf1+ 52. Kg3 Rg1+ 53. Kf3 Kg6 54. e4 Rf1+ 55. Kg2 Ra1 56. Kf2 Ra3 57. e5 Ra6 58. Kg3 Ra3+ 59. Rf3 Rxf3+ 60. Kxf3 h5 61. gxh5+ 1-0

[Event "HUN-chT2 Breyer 0809"]
[Site "Hungary"]
[Date "2008.11.30"]
[Round "3"]
[White "Deak, Ferenc"]
[Black "Sarok, Peter"]
[Result "0-1"]
[WhiteElo "2215"]
[BlackElo "2183"]
[PlyCount "76"]
[EventDate "2008.10.26"]
[EventType "team-tourn"]
[EventRounds "11"]
[EventCountry "HUN"]
[SourceTitle "EXT 2010"]
[Source "ChessBase"]
[SourceDate "2010.11.25"]
[SourceVersion "1"]
[SourceVersionDate "2010.11.25"]
[SourceQuality "1"]
[WhiteTeam "Tatai Honved"]
[BlackTeam "Kisber Aszar"]
[WhiteTeamCountry "HUN"]
[BlackTeamCountry "HUN"]

1. d4 d5 2. c4 c6 3. Nf3 e6 4. e3 Nf6 5. Be2 Nbd7 6. 0-0 Be7 7. b3 Ne4 8. Bb2 0-0 9. Nbd2 f5 10. Qc2 Ndf6 11. Ne5 Bd7 12. Ndf3 Be8 13. Ne1 Bh5 14. f3 Nd6 15. N1d3 Bf7 16. Nf2 Nd7 17. e4 fxe4 18. Nxf7 Rxf7 19. fxe4 Bh4 20. e5 Bxf2+ 21. Rxf2 Rxf2 22. Kxf2 Ne4+ 23. Kg1 Qh4 24. Bd3 Rf8 25. Bxe4 dxe4 26. g3 Qg4 27. Re1 Qf5 28. Qe2 h6 29. Bc1 c5 30. Qxe4 Qf2+ 31. Kh1 cxd4 32. b4 Rf5 33. Rd1 Nxe5 34. Bf4 Nf3 35. Qxe6+ Rf7 36. Qe8+ Kh7 37. Qe4+ g6 38. g4 Nh4 0-1

[Event "HUN-chT2 Maroczy 0708"]
[Site "Hungary"]
[Date "2007.12.16"]
[Round "5"]
[White "Deak, Ferenc"]
[Black "Foldi, Istvan"]
[Result "1/2-1/2"]
[WhiteElo "2225"]
[BlackElo "2277"]
[PlyCount "83"]
[EventDate "2007.10.14"]
[EventType "team"]
[EventRounds "11"]
[EventCountry "HUN"]
[SourceTitle "EXT 2009"]
[Source "ChessBase"]
[SourceDate "2008.11.26"]
[SourceVersion "1"]
[SourceVersionDate "2008.11.26"]
[SourceQuality "1"]
[WhiteTeam "Barcza"]
[BlackTeam "Matra"]
[WhiteTeamCountry "HUN"]
[BlackTeamCountry "HUN"]

1. d4 e6 2. e4 c5 3. d5 exd5 4. exd5 d6 5. Nf3 Be7 6. Nc3 Nf6 7. Bd3 Bg4 8. h3 Bh5 9. 0-0 0-0 10. Bf4 Na6 11. Re1 Nb4 12. Bf5 Bg6 13. Bxg6 hxg6 14. a3 Na6 15. Nd2 Re8 16. Nc4 Qd7 17. a4 Nb4 18. g4 Bf8 19. Re3 Rxe3 20. Nxe3 Re8 21. Nb5 a6 22. Na3 Re4 23. Qf3 Qe8 24. Rd1 Qxa4 25. Bg5 Rd4 26. Re1 Ne4 27. Bh4 Nd2 28. Qg2 Rf4 29. Qg3 Na2 30. Nac4 Rxc4 31. b3 Qb4 32. Nxc4 Nf3+ 33. Qxf3 Qxe1+ 34. Kg2 Nc3 35. Bg3 Ne2 36. Bh2 b5 37. Ne3 Be7 38. Qe4 Bh4 39. Qe8+ Kh7 40. Qxf7 Bf6 41. Nf5 gxf5 42. Qh5+ 1/2-1/2

[Event "HUN-chT2 Maroczy 0708"]
[Site "Hungary"]
[Date "2007.12.09"]
[Round "4"]
[White "Donka, Peter"]
[Black "Deak, Ferenc"]
[Result "1/2-1/2"]
[WhiteElo "2230"]
[BlackElo "2225"]
[PlyCount "21"]
[EventDate "2007.10.14"]
[EventType "team"]
[EventRounds "11"]
[EventCountry "HUN"]
[SourceTitle "EXT 2009"]
[Source "ChessBase"]
[SourceDate "2008.11.26"]
[SourceVersion "1"]
[SourceVersionDate "2008.11.26"]
[SourceQuality "1"]
[WhiteTeam "Teva"]
[BlackTeam "Barcza"]
[WhiteTeamCountry "HUN"]
[BlackTeamCountry "HUN"]

1. d4 Nf6 2. Nf3 d5 3. g3 Bg4 4. Bg2 e6 5. Nbd2 Bd6 6. c4 c6 7. b3 0-0 8. Bb2 Nbd7 9. 0-0 Qe7 10. Ne5 Bh5 11. Ndf3 1/2-1/2

[Event "HUN-chT2 Charousek 0607"]
[Site "Hungary"]
[Date "2006.12.17"]
[Round "4"]
[White "Deak, Ferenc"]
[Black "Jovanovic, Zoran"]
[Result "0-1"]
[WhiteElo "2247"]
[BlackElo "2539"]
[PlyCount "62"]
[EventDate "2006.11.12"]
[EventType "team"]
[EventRounds "11"]
[EventCountry "HUN"]
[SourceTitle "EXT 2008"]
[Source "ChessBase"]
[SourceDate "2007.11.25"]
[SourceVersion "1"]
[SourceVersionDate "2007.11.25"]
[SourceQuality "1"]
[WhiteTeam "Barcza"]
[BlackTeam "Szenna Pack"]
[WhiteTeamCountry "HUN"]
[BlackTeamCountry "HUN"]

1. d4 d6 2. c4 e5 3. e3 Nf6 4. Nc3 Nbd7 5. Bd3 g6 6. Nge2 Bg7 7. 0-0 0-0 8. b4 Re8 9. Qc2 Qe7 10. f3 c6 11. a4 d5 12. c5 h5 13. b5 h4 14. a5 a6 15. bxc6 bxc6 16. Qa4 Nb8 17. dxe5 Nfd7 18. e6 Nxc5 19. exf7+ Qxf7 20. Qc2 Nxd3 21. Qxd3 Nd7 22. e4 Nc5 23. Qd1 dxe4 24. Be3 Qe7 25. fxe4 Nxe4 26. Bd4 Nxc3 27. Nxc3 Rd8 28. Ne2 Bxd4+ 29. Nxd4 Qe3+ 30. Kh1 Qxd4 31. Qc2 Bf5 0-1

[Event "HUN-chT2 Erkel 0506"]
[Site "Hungary"]
[Date "2006.04.23"]
[Round "11"]
[White "Deak, Ferenc"]
[Black "Bali, Janos"]
[Result "1/2-1/2"]
[WhiteElo "2244"]
[BlackElo "2312"]
[PlyCount "21"]
[EventDate "2005.10.16"]
[EventType "team"]
[EventRounds "11"]
[EventCountry "HUN"]
[SourceTitle "EXT 2009"]
[Source "ChessBase"]
[SourceDate "2008.11.26"]
[SourceVersion "1"]
[SourceVersionDate "2008.11.26"]
[SourceQuality "1"]
[WhiteTeam "BEAC Rufusz II"]
[BlackTeam "Fuzesabony"]
[WhiteTeamCountry "HUN"]
[BlackTeamCountry "HUN"]

1. d4 d5 2. c4 e6 3. Nc3 f5 4. f4 Nf6 5. Nf3 c6 6. e3 Bd6 7. Bd3 0-0 8. 0-0 Ne4 9. Bd2 Nd7 10. Qe2 Ndf6 11. Rfd1 1/2-1/2

[Event "HUN-chT2 Maroczy 0405"]
[Site "Hungary"]
[Date "2005.04.10"]
[Round "10"]
[White "Deak, Ferenc"]
[Black "Tatar Kis, Szabolcs"]
[Result "0-1"]
[WhiteElo "2263"]
[BlackElo "2411"]
[PlyCount "64"]
[EventDate "2004.09.26"]
[EventType "team"]
[EventRounds "11"]
[EventCountry "HUN"]
[SourceTitle "EXT 2008"]
[Source "ChessBase"]
[SourceDate "2007.11.25"]
[SourceVersion "1"]
[SourceVersionDate "2007.11.25"]
[SourceQuality "1"]
[WhiteTeam "BEAC II"]
[BlackTeam "Hodmezovasarhely"]
[WhiteTeamCountry "HUN"]
[BlackTeamCountry "HUN"]

1. d4 Nf6 2. c4 g6 3. Nc3 Bg7 4. e4 d6 5. f3 0-0 6. Bg5 a6 7. Qd2 Nc6 8. Nge2 Rb8 9. d5 Na5 10. Nc1 c5 11. Be2 Nd7 12. 0-0 b5 13. cxb5 axb5 14. Nxb5 c4 15. a4 Nc5 16. Ra3 Bd7 17. Bxe7 Qxe7 18. Qxa5 Bxb2 19. Ra2 Bxc1 20. Rxc1 Nb3 21. Qc3 Nxc1 22. Qxc1 Bxb5 23. axb5 Rfc8 24. Bxc4 Rxb5 25. Qa1 Rbc5 26. Bf1 Rc1 27. Qd4 Qb7 28. Rf2 Qb1 29. h4 Rd1 30. Qe3 Rcc1 31. Qe2 Qb6 32. Kh2 Re1 0-1